J. Rawls: el sentido de justicia en una sociedad democrática

Bewaard in:
Bibliografische gegevens
Hoofdauteur: Agra Romero, María Xosé (Auteur)
Formaat: Boek
Taal:Spaans
Gepubliceerd in: Santiago de Compostela Universidad de Santiago de Compostela 1985
Onderwerpen:
Tags: Voeg label toe
Geen labels, Wees de eerste die dit record labelt!

MARC

LEADER 00000nam a2200000 a 4500
001 UCV2673
003 CL-VaPUC
008 921015e19850000SP |||||||||||||||||spa|d
082 0 4 |a 340.112  |b AGR  |2 21 
100 0 |a Agra Romero, María Xosé  |e author  |9 296942 
245 1 0 |a J. Rawls: el sentido de justicia en una sociedad democrática 
300 |a 175 p 
942 |c BK 
945 |d 19921015 00:00:00 
260 |a Santiago de Compostela  |b Universidad de Santiago de Compostela  |c 1985 
600 0 7 |a RAWLS, JOHN  |2 CL-VaPUC  |9 256003 
650 0 |a Derecho y ética   |9 255883 
583 |a last modification  |c 20190701 09:28:18  |k Rodrigo Vera 
999 |c 210180  |d 210178 
952 |0 0  |1 0  |4 0  |6 340_112000000000000_AGR_1985  |7 0  |8 DER_TF  |9 186242  |a BIBDER  |b BIBDER  |d 2019-11-14  |i 2537141  |l 1  |o 340.112 AGR 1985  |p 2537141  |r 2023-01-25  |s 2020-03-16  |w 2019-11-14  |x Ubicación 4to Piso  |y BK  |z Estos recursos deben solicitarse con anticipación  |k DER